Places,Countries Bigger than China - Statistics

General Stats
  • This quiz has been taken 32 times
  • The average score is 5 of 8
Answer Stats
Hint An swer % Correct
Richest USA
100%
Largest Russia
97%
Borders Richest not Mexico Canada
83%
Uk’s Empire British Empire
50%
Mongolia’s empire Mongol Empire
40%
sim to Russian Empire USSR
40%
Most Southern of the World Antartica
23%
Begins with A Asia
17%
No matching quizzes found
Score Distribution
Percent of People with Each Score
Percentile by Number Answered
Your Score History
You have not taken this quiz